Football - Les plus gros transferts (2016-2017) - Statistiques

Statistiques générales
  • Ce quiz a été pris 89 fois
  • Le résultat moyen est 6 sur 10
Statistiques - réponses
Rang Club Précédent Nouveau Club Montant Joueur % Correct
1 Juventus Manchester United 105 000 000 € Paul Pogba
98%
3 Chelsea Shanghai Port 60 000 000 € Oscar
90%
2 Napoli Juventus 90 000 000 € Gonzalo Higuain
83%
4 Zénith Saint-Pétersbourg Shanghai Port 56 000 000 € Hulk
78%
6 Schalke 04 Manchester City 52 000 000 € Leroy Sané
65%
10 Southampton Liverpool 41 200 000 € Sadio Mané
59%
5 Everton Manchester City 55 600 000 € John Stones
49%
7 Borussia Mönchengladbach Arsenal 45 000 000 € Granit Xhaka
43%
8 Sporting CP Inter Milan 44 780 000 € Joao Mario
28%
9 Borussia Dortmund Manchester United 42 000 000 € Henrikh Mkhitaryan
27%
Aucun quiz correspondant
Distribution des résultats
% des personnes avec chaque résultat
Percentile par nombre de réponses
Votre historique - résultats
Vous n’avez pas pris ce quiz